000
00296nam a2200121Ia 4500
008
190216s9999||||xx |||||||||||||| ||und||
100
_a
Walter Bagehot
245
0
_a
British Baranagadana
260
_b
Kerala Bhasha Institute
_c
1974
300
_a
243p
650
_a
Political Science
942
_c
BK
999
_c
34812
_d
34812